Library Banner

Regulating islamic financial institutions (Record no. 31183)

MARC details
000 -LEADER
fixed length control field 00582nam a2200205Ia 4500
001 - CONTROL NUMBER
control field 31061
003 - CONTROL NUMBER IDENTIFIER
control field PK-LaUMT
005 - DATE AND TIME OF LATEST TRANSACTION
control field 20220902154226.0
008 - FIXED-LENGTH DATA ELEMENTS--GENERAL INFORMATION
fixed length control field 140416s9999 xx 000 0 und d
040 ## - CATALOGING SOURCE
Transcribing agency PK-LaUMT
082 ## - DEWEY DECIMAL CLASSIFICATION NUMBER
Classification number W 297.19785
Item number HAW-R
100 ## - MAIN ENTRY--PERSONAL NAME
Personal name El-Hawary, Dahlia
245 ## - TITLE STATEMENT
Title Regulating islamic financial institutions
Remainder of title the nature of the regulated
Statement of responsibility, etc El-Hawary, Dahlia<>Wafik Grais<>Zamir Iqbal
260 ## - PUBLICATION, DISTRIBUTION, ETC. (IMPRINT)
Place of publication, distribution, etc Washington,USA:
Name of publisher, distributor, etc World Bank,
Date of publication, distribution, etc 2004
300 ## - PHYSICAL DESCRIPTION
Extent 48 p.
546 ## - LANGUAGE NOTE
Language note EN
700 ## - ADDED ENTRY--PERSONAL NAME
Personal name Wafik Grais
700 ## - ADDED ENTRY--PERSONAL NAME
Personal name Zamir Iqbal
942 ## - ADDED ENTRY ELEMENTS (KOHA)
Koha item type Permanently weeded out collection
Source of classification or shelving scheme Dewey Decimal Classification
Holdings
Withdrawn status Lost status Damaged status Not for loan Home library Current library Date acquired Total Checkouts Full call number Barcode Date last seen Price effective from Koha item type
        UMT Main Campus UMT Main Campus 2014-04-16   W 297.19785 HAW-R 37022 2014-05-03 2014-05-03 Books